• 首页
  • 本馆介绍
  • 公告通知
  • 最新文献
  • 馆藏检索
  • 电子资源
  • 读者导购
  • 参考咨询
  • 我的图书馆
  • 登录
  • 详细信息显示
  • 放入我的书架
  • 预约/预借图书
  • 作者相关作品
  • 分类相关作品
  • 丛书相关作品
  • 出版社相关作品

书目信息

  • 表格格式
  • 工作单格式
  • 卡片格式
题名:
自然灾害风险评价
    
 
作者: 黄崇福 著
分册:  
出版信息: 北京   科学出版社  2005
页数: 222页
开本: 26cm
丛书名:
单 册:
中图分类: X43
科图分类:
主题词: 自然灾害--风险分析 , 自然灾害 , 风险分析
电子资源:
ISBN: 7-03-014668-9
000 00946nam0 2200277 450
001 002881977
005 20050714165402.0
010    @a7-03-014668-9@dCNY37.00
035    @a002881977
100    @a20050410e20062005em y0chiy0110 ea
101 0  @achi
102    @aCN@b110000
105    @aa z 001yd
106    @ar
200 1  @a自然灾害风险评价@Azi ran zai hai feng xian ping jia@e理论与实践@Eli lun yu shi jian@f黄崇福著@Fhuang chong fu zhu
210    @a北京@c科学出版社@d2005@h2006重印
215    @a222页@c图@d26cm
330    @a本书论述了自然灾害风险评价的基本理论,介绍了不完备信息条件下自然灾害风险评价的理论和模型,详细展示了有关模型的应用实例。
510 1  @aRisk Assessment of Natural Disaster@eTheory & Practice@zeng
606 0  @a自然灾害@x风险分析
606 0  @a自然灾害
606 0  @a风险分析
690    @aX43@v4
701  0 @a黄崇福@Ahuang chong fu@4著
801  0 @aCN@bNLC@c20050715
905    @dX43@e47 @f4
    
    自然灾害风险评价:理论与实践/黄崇福著.-北京:科学出版社,2005(2006重印)
    222页:图;26cm
    
    
    ISBN 7-03-014668-9:CNY37.00
    本书论述了自然灾害风险评价的基本理论,介绍了不完备信息条件下自然灾害风险评价的理论和模型,详细展示了有关模型的应用实例。
●
相关链接 在E读中查询图书 在五车中查询图书 在当当中查询图书 在豆瓣中查询图书


正题名:自然灾害风险评价     索取号:X43/47         预约/预借

序号 登录号 条形码 馆藏地/架位号 状态 备注
1 0522475   205224755   第二样本阅览室/ [索取号:X43/47] 在馆    
2 0522476   205224764   第三借阅区/ [索取号:X43/47] 在馆    
3 0522477   205224773   第三借阅区/ [索取号:X43/47] 在馆    
4 0522478   205224782   第三借阅区/ [索取号:X43/47] 在馆    
5 0522479   205224791   第三借阅区/ [索取号:X43/47] 在馆    
6 0522480   205224808   第三借阅区/ [索取号:X43/47] 在馆    
7 0522481   205224817   第三借阅区/ [索取号:X43/47] 在馆    
8 0522482   205224826   第三借阅区/ [索取号:X43/47] 在馆    
9 0851371   208513713   第三借阅区/ [索取号:X43/47] 在馆    
10 0851372   208513722   第三借阅区/ [索取号:X43/47] 在馆    
11 0851373   208513731   第三借阅区/ [索取号:X43/47] 在馆    
12 0851374   208513740   第三借阅区/ [索取号:X43/47] 在馆    
唐山师范学院图书馆 欢迎您!
大连网信软件有限公司© 版权所有